Primera parte de la Angelica (Record no. 6061)

MARC details
000 -CABECERA
campo de control de longitud fija 00886nam a2200217 a 4500
001 - NÚMERO DE CONTROL
campo de control BRCA_6375
005 - FECHA Y HORA DE LA ÚLTIMA TRANSACCIÓN
campo de control 20190320205430.0
008 - DATOS DE LONGITUD FIJA--INFORMACIÓN GENERAL
campo de control de longitud fija 290811s1904----nyu#######---#000-0#spa-#
041 ## - CÓDIGO DE LENGUA
Código de lengua del texto/banda sonora o título independiente spa
044 ## - CÓDIGO DEL PAÍS DE LA ENTIDAD EDITORA/PRODUCTORA
Código MARC del país nyu
050 #4 - SIGNATURA TOPOGRÁFICA DE LA BIBLIOTECA DEL CONGRESO
Número de clasificación PQ6279
-- .B3 A65 1904
100 1# - ENTRADA PRINCIPAL--NOMBRE DE PERSONA
Nombre de persona Barahona de Soto, Luis
Fechas asociadas al nombre 1548?-1595
9 (RLIN) 15963
245 10 - MENCIÓN DE TÍTULO
Título Primera parte de la Angelica
Mención de responsabilidad, etc. de Lvys Barahona de Soto ... Con aduertimientos a los fines de los cantos y breues Summarios a los principios, por el Presentado fray Pedro Verdugo de Sarria.
260 ## - PUBLICACIÓN, DISTRIBUCIÓN, ETC.
Lugar de publicación, distribución, etc. Nueva York
Nombre del editor, distribuidor, etc. De Vinne press
Fecha de publicación, distribución, etc. 1904
300 ## - DESCRIPCIÓN FÍSICA
Extensión 251 h.
Dimensiones 21 cm.
500 ## - NOTA GENERAL
Nota general Reproducción facsímilar del original (Granada,1586)
500 ## - NOTA GENERAL
Nota general This edition of two hundred was printed in facsimile for Archer M. Huntington, from the copy in his library, at the De Vinne Press, nineteen hundred and four.
500 ## - NOTA GENERAL
Nota general K174
902 ## - CATALOGADOR
Iniciales GFM
942 ## - ELEMENTOS DE PUNTO DE ACCESO ADICIONAL (KOHA)
Fuente del sistema de clasificación o colocación Library of Congress Classification
Tipo de ítem Koha Libros
Holdings
Estado de retiro Estado de pérdida Estado dañado No para préstamo Localización permanente Ubicación/localización actual Fecha de adquisición Número de inventario Total de préstamos Signatura topográfica completa Código de barras Fecha visto por última vez Precio válido a partir de Tipo de ítem Koha
El ejemplar forma parte de la colección y puede ser consultado según las políticas vigentes.       Biblioteca del Museo Franz Mayer (Rogerio Casas-Alatriste) Biblioteca del Museo Franz Mayer (Rogerio Casas-Alatriste) 29/08/2011 K174   PQ6279 .B3 A65 1904 (K174) 6822 22/03/2019 22/03/2019 Libros